000 01029nam a22003497a 4500
001 BR7603505
003 BR-BrBNA
005 20230928085031.0
007 ta
008 230509b bl.||||| |||| 00| 0 por d
040 _aBR-BrBNA
_bpor
_cBiblioteca Nacional de Agricultura
041 _a(Por)
072 _aE10; E50
_b/G514
090 _ E10 BR7603505
110 1 _aSuperintendencia do Desenvolvimento da Amazonia, Belem, PA (Brasil). Div. de Documentacao
245 1 _aSintese do Polamazonia [Programa de Polos Agropecuarios e Agrominerais da Amazonia, Brasil]
260 3 _aBelem, PA (Brasil):
_c1976.
300 _a98 p.
500 _a30 tables
650 _aDESENVOLVIMENTO ECONOMICO
650 _aDESENVOLVIMENTO SOCIAL
650 _aFISIOGRAFIA
650 _aAGRICULTURA
650 _aPECUARIA
650 _aABASTECIMENTO
650 _aCOLONIZACAO
650 _aPROJETO DE DESENVOLVIMENTO
650 _aINVESTIMENTO
650 _aAMAZONIA
909 _a202309
_bLucia
_c55
_dLucia Elande
942 _cBK
999 _c22485
_d22485